Древний запрестольный крест в гор. Переславле-Залесском (Запись № 4982388)

Подробности
000 -МАРКЕР
контрольное поле 02454nam0a22003491 4500
001 - ИДЕНТИФИКАТОР ЗАПИСИ
контрольное поле v19\rc\1718854
005 - ИДЕНТИФИКАТОР ВЕРСИИ
контрольное поле 20260407063022.0
035 ## - ДРУГИЕ СИСТЕМНЫЕ НОМЕРА
Идентификатор записи (NLR Aleph) 004817007
100 ## - ДАННЫЕ ОБЩЕЙ ОБРАБОТКИ
Данные общей обработки 20061002d1900 |||y0rusy50 ca
101 0# - ЯЗЫК РЕСУРСА
Язык текста, звукозаписи и т.д. русский
102 ## - СТРАНА ПУБЛИКАЦИИ ИЛИ ПРОИЗВОДСТВА
Страна публикации Российская Федерация
105 ## - ПОЛЕ КОДИРОВАННЫХ ДАННЫХ: ТЕКСТОВЫЕ МАТЕРИАЛЫ, МОНОГРАФИЧЕСКИЕ
Кодированные данные о монографическом текстовом документе y z |||||
200 1# - ЗАГЛАВИЕ И СВЕДЕНИЯ ОБ ОТВЕТСТВЕННОСТИ
Основное заглавие Древний запрестольный крест в гор. Переславле-Залесском
210 ## - ПУБЛИКАЦИЯ, РАСПРОСТРАНЕНИЕ И ДР.
Место издания, распространения и т.д. [Владимир
Дата издания, распространения и т.д. 1900]
215 ## - ФИЗИЧЕСКАЯ ХАРАКТЕРИСТИКА
Специфическое обозначение материала и объем 52 с.
300 ## - ОБЩИЕ ПРИМЕЧАНИЯ
Текст примечания В конце первой статьи авт.: прот. Александр Свирелин
300 ## - ОБЩИЕ ПРИМЕЧАНИЯ
Текст примечания Напеч. также в: Тр. Владим. уч. арх. ком. 1900, кн. 2
309 ## - ПРИМЕЧАНИЯ ОБ ОСНОВНОМ ИСТОЧНИКЕ ИНФОРМАЦИИ И ОБ ОСОБЕННОСТЯХ ПОЛИГРАФИЧЕСКОГО ОФОРМЛЕНИЯ ИЗДАНИЯ
Текст примечания Без тит. л. и обл.
311 ## - ПРИМЕЧАНИЯ, ОТНОСЯЩИЕСЯ К ПОЛЯМ СВЯЗИ (ПРИМЕЧАНИЯ О СВЯЗИ С ДРУГИМИ ПРОИЗВЕДЕНИЯМИ (ИЗДАНИЯМИ))
Текст примечания Прибавл. к №11 "Владим. губ. вед.", неоф. ч., 17 марта 1900 г.
422 #0 - ИЗДАНИЕ, К КОТОРОМУ ОТНОСИТСЯ ПРИЛОЖЕНИЕ
Встроенное поле 2001#$aВладимирские губернские ведомости$eНеоф. ч.$v1900, 17 марта, № 11
Заглавие Владимирские губернские ведомости
423 #0 - ИЗДАЕТСЯ В ОДНОЙ ОБЛОЖКЕ ВМЕСТЕ С ...
Встроенное поле 1010#$arus
-- 2001#$aИз истории Суздальского Спасо-Евфимиева монастыря$eПо делам Канцелярии владимир. губернатора за 1820 и 1821 г. за №№ 553 и 56$fД. чл. Ник. Маклаков
-- 700#1$aМаклаков$bН.А.$f1871-1918$gНиколай Алексеевич
Заглавие Из истории Суздальского Спасо-Евфимиева монастыря
Автор Маклаков, Николай Алексеевич (1871-1918)
423 #0 - ИЗДАЕТСЯ В ОДНОЙ ОБЛОЖКЕ ВМЕСТЕ С ...
Встроенное поле 1010#$arus
-- 2001#$aК исторической топографии города Владимира на Клязьме$fД. пожизнен. чл. А. Бунин
-- 700#1$aБунин$bА.И.$gАлексей Иванович
Заглавие К исторической топографии города Владимира на Клязьме
Автор Бунин, Алексей Иванович
532 12 - РАСШИРЕННОЕ ЗАГЛАВИЕ
Заглавие Древний запрестольный крест в городе Переславле-Залесском
700 #1 - ИМЯ ЛИЦА - ПЕРВИЧНАЯ ОТВЕТСТВЕННОСТЬ
Начальный элемент ввода Свирелин
Часть имени, кроме начального элемента ввода А.И.
Даты 1830-1906
Расширение инициалов личного имени Александр Иванович
712 02 - НАИМЕНОВАНИЕ ОРГАНИЗАЦИИ - ВТОРИЧНАЯ ОТВЕТСТВЕННОСТЬ
Начальный элемент ввода Суздальский Спасо-Евфимьев монастырь
Идентификатор авторитетной/нормативной записи RU\NLR\AUTH\8810030277
Системный номер авторитетной/нормативной записи 559084
801 #0 - ИСТОЧНИК ЗАПИСИ
Страна Российская Федерация
Организация NLR
Правила каталогизации psbo
801 #0 - ИСТОЧНИК ЗАПИСИ
Страна Российская Федерация
Организация RuMoRGB
Источник данных psbo
801 #1 - ИСТОЧНИК ЗАПИСИ
Страна Российская Федерация
Организация ProSoft-M
Источник данных rusmarc
852 ## - МЕСТОНАХОЖДЕНИЕ И ШИФР ХРАНЕНИЯ
Идентификатор организации NLR
Шифр хранения (Call Number) 20.58.3.152
942 ## - ДОПОЛНИТЕЛЬНЫЕ ЭЛЕМЕНТЫ ЗАПИСИ (АБИС)
Тип экземпляра АБИС Книга
980 ## - КОЛЛЕКЦИЯ
Название коллекции Национальная библиография
Экземпляры
Тип экземпляра Дата поступления Библиотека постоянного хранения Библиотека текущего хранения Место хранения Шифр хранения Штрих-код Статус экземпляра
Книга 26.10.2013 РНБ (Садовая) РНБ (Садовая) Русский книжный фонд -Главное здание, Ленинский читальный зал 20.58.3.152 4817007-10